| 000 | 01151cam a2200301 a 4500 | ||
|---|---|---|---|
| 001 | 2515215 | ||
| 003 | OSt | ||
| 005 | 20240628104109.0 | ||
| 008 | 920828s1992 enka b 001 0 eng | ||
| 010 | _a 92207561 | ||
| 020 | _a1856490513 | ||
| 040 | _cmust | ||
| 043 | _af------ | ||
| 082 | _a333.79096 ENE 1992 | ||
| 245 | 0 | 0 |
_aEnergy management in Africa / _cJ. Baguant ... [et al.] ; edited and introduced by M.R. Bhagavan and S. Karakezi. |
| 260 |
_aLondon ; _aAtlantic Highlands, New Jersey : _bZed Books, _cc1992. |
||
| 300 |
_axii, 180 p. : _bill. ; _c23 cm. |
||
| 500 | _aPublished in association with African Energy Policy Research Network, Gaborone. | ||
| 504 | _aIncludes bibliographical references and index. | ||
| 650 | 0 |
_aEnergy policy _zAfrica _xCase studies. _918281 |
|
| 700 | 1 |
_aBaguant, J. _918282 |
|
| 700 | 1 |
_aBhagavan, M. R., _d1934- _918283 |
|
| 700 | 1 |
_aKarekezi, Stephen. _918284 |
|
| 710 | 2 |
_aAfrican Energy Policy Research Network. _918285 |
|
| 906 |
_a7 _bcbc _corignew _d2 _encip _f19 _gy-gencatlg |
||
| 942 |
_2ddc _cO_SHELF |
||
| 999 |
_c9003 _d9003 |
||